| 000 | 00403pam a2200145a 44500 | ||
|---|---|---|---|
| 008 | 230405s2022 xxu||||| |||| 00| 0 eng d | ||
| 020 | _a9789386896742 | ||
| 082 |
_a641.1 _bCHA |
||
| 100 | _aChauhan,Deepti | ||
| 245 | _aApplied Nutrition and Dietetics for B.Sc.& Post Basic Nursing Students | ||
| 260 |
_aHyderabad _bLotus Publication _c2022 |
||
| 300 | _a343 p. | ||
| 502 | _atext | ||
| 906 | _a004580 | ||
| 999 |
_c252845 _d252845 |
||